Statistics for Suomenkieliset sanoitukset, Badding - Paratiisi

Click here to take the quiz!

General Stats

  • This quiz has been taken 859 times
  • The average score is 14 of 16

Answer Stats

Sanat % Correct
Kun sun vierelläsi näin olla {saan}
97%
Kun mä sinut {kohtasin}, oli ilta ihanin
97%
Oi, jos sulle voisin antaa {kaikkein} kauneimman
96%
Mutta enhän sitä tee, pieni {hetki} riittänee
94%
Sinä sanoit menkäämme maalle meidän {landelle}
92%
Linnut lauloi ja {kimmelsi} taivaan kuu.
92%
Mietin nyt {juttu} tää onnistuu
91%
Heti rantaan kuljettiin, liiat {kuteet} riisuttiin
90%
Tämän {maailmani} pallon valtavan
89%
{Perille} kun saavuttiin kukat kukki tuoksui niin
89%
Oli {tunnelma} niin huumaava
86%
Meri {vaahtosi} kuin olut kuohuaa
86%
Pientä {huulta} heitit kai, suoraan suusta suuhun vain
83%
Meren kiihkeään {rytmiin} kun vaivuttiin
74%
Näistä aikuiset puhuu {kuiskuttain}
70%
{Varret} yhteen kiedottiin, hiekka tarttui varpaisiin
62%

Score Distribution

Percentile by Number Answered

Percent of People with Each Score

Your Score History

You have not taken this quiz